| 000 | 00410nam a22001697a 4500 | ||
|---|---|---|---|
| 003 | OSt | ||
| 005 | 20260323150339.0 | ||
| 008 | 260323b |||||||| |||| 00| 0 eng d | ||
| 020 | _a9789347186639 | ||
| 040 | _cIIMT UNIVERSITY MEERUT | ||
| 100 | _a M Senthil Kumar | ||
| 245 | _aPractical Manual on Advanced Pharmaceutics | ||
| 250 | _a2024 | ||
| 260 |
_aNEW DEHLI _bCBS |
||
| 300 | _a182 | ||
| 942 |
_2ddc _c01 |
||
| 999 |
_c67428 _d67428 |
||